MDQL
is popping MORE tags! Check the
thread
!
Quizzes
Events
Quiz Creation
Community
Videos
Private Events
Remove Ads
Sign In
Join for FREE
Feedback
Dark Mode
Quiz Categories
Sports
Geography
Music
Movies
Television
Just For Fun
Miscellaneous
History
Literature
Language
Science
Gaming
Entertainment
Religion
Holiday
For Kids
Quiz Lab
Recent
Popular Today
Quiz Kudos Today
Editor Picks
Curator Picks
Quizzes by...
Day
Popularity
Type
Ratings
Length
Year
Community
Subscriptions
Recent Discussions
Orange Saloon
Badges
Playlists
Quests
Create
Leaderboards
Showdown
Live 5
Trivia Bingo
Activity
Puzzle Library
Sporcle Events
Private Events
Virtual Trivia
Globe League
Become a Host
Pub Owners
SporcleCon
Opinionation
Our Games
Videos
Blog
Mobile Apps
Partnerships
Remove Ads and Go Orange
Feedback
Sports
Athletes
MLB
NBA
NHL
NFL
Soccer
Sports Teams
WWE
NCAA
Football
Premier League
Basketball
Baseball
Hockey
Golf
Tennis
Cricket
Rugby
Auto Racing
Olympics
World Cup
Sports
Athletes
MLB
NBA
NHL
NFL
Soccer
Sports Teams
WWE
NCAA
Football
Premier League
Basketball
Baseball
Hockey
Golf
Tennis
Cricket
Rugby
Auto Racing
Olympics
World Cup
Random Quiz
Search Sporcle
×
Quiz Lab
Quiz Lab
Sports
Squash
Type in answers that appear in a list
Type in answers that appear in a list
Classic
Best Score? Go Orange.
Name the Squash PSA World Series Finals Champions? Stats
Can you name the Name the Squash PSA World Series Finals Champions?
By
freakybeastie
4m
23 Questions
67 Plays
67 Plays
67 Plays
Comments
Comments
Give Quiz Kudos
Give Quiz Kudos
-
- Ratings
hide this ad
Replay
Link that replays current quiz
Next Quiz
Link to next quiz in quiz playlist
You Got
0%
They Got
Avg Score
70%
Avg Friend Score
Upgrade to see
Score Distribution
Jump to the score distribution portion of the page
Score
0/23
Timer
04:00
0
Plays Today
Hint
Answer
% Correct
2018 Dubai
Mohamed El Shorbagy
100%
2011/
2012 London
Amr Shabana
94%
2012/
2013 London
Amr Shabana
94%
2002 London
David Palmer
92.5%
2004 London
Thierry Lincou
92.5%
2016 Dubai
Gregory Gaultier
92.1%
2007 Manchester
Ramy Ashour
91%
2017 Dubai
Mohamed El Shorbagy
89.7%
1999 London
Peter Nicol
89.6%
2000 London
Peter Nicol
89.6%
2001 London
Peter Nicol
89.6%
2008 London
Gregory Gaultier
89.6%
Hint
Answer
% Correct
2009 London
Gregory Gaultier
89.6%
2013/
2014 Richmond, Virginia
Ramy Ashour
89.5%
1993 Zurich
Jansher Khan
83.6%
1994 Zurich
Jansher Khan
83.6%
1997 Hatfield
Jansher Khan
83.6%
1998 Hatfield
Jansher Khan
83.6%
2003 London
Jonathon Power
79.1%
2005 London
Jonathon Power
79.1%
2019 Cairo
Karim Abdel Gawad
62.5%
2006 London
Anthony Ricketts
26.9%
1996 Hatfield
Del Harris
13.4%
Quiz Playlist
Details
Report
Send in Message
Add To Playlist
Classic:
Type in answers that appear in a list
Quiz Source
Last Updated: Jun 13, 2017
Quiz Scoreboard
CHALLENGE
Sign Up to Join the Scoreboard
Show All
Scores
Hide
Comments
May contain spoilers
Recently Published
5x2 Blitz: Bands
by SL_Kpop136
Music
30s
Colored Red Africa Blitz
by spor1
Geography
30s
Find the 'City' Movie
by crazypaving
Movies
60s
More to Explore
Quiz From the Vault
Featured Blog Post
14 Easter Pick-up Lines to Find Eggs With
hide this ad
You Might Also Like...
Tags
Squash
Today's Top Quizzes in Sports
Browse Sports
hide this ad
Top Contributed Quizzes in Sports
1
Players with Multiple 50 Home Run Seasons
2
Criteria MLB: Left Handed Sluggers
3
MLB Players with Two .350 Batting Average Seasons
4
Who Hit More Homers?
5
Premier League Clubs since 2000 (minefield)
6
Who Needs Fielders?
7
2020 F1 Drivers Logic Puzzle
8
Les entraîneurs de l'OM et du PSG au 21e siècle
9
Top 10 NHL Goal Scorers of All Time
10
MLB Hall of Famer by Rings
Explore More
Trending Topics
Crossword
Disney
NBA
Marvel
Harry Potter
Anime
Kpop
Pokémon
Puzzle
The Office
Song
NFL
Soccer
Country
WWE
hide this ad
More By:
freakybeastie
Quiz
Plays
Rating
Category
Featured
Created
Anyone But Xavi
12,327
4.70
Sports
Jan 24, 2018
Anyone But Wayne Rooney
10,808
4.95
Sports
Feb 9, 2017
Anyone But Paul Scholes
10,407
4.94
Sports
Jan 5, 2018
Anyone But Kaka
8,883
4.91
Sports
Mar 5, 2018
Anyone But Gianluigi Buffon
7,705
5.00
Sports
Mar 20, 2018
Go to Creator's Profile
Score Distribution
Quiz Creator Spotlight
freakybeastie
Follow
Send a Message
Quizzes Created
-
Created Quiz Play Count
-
More By This Creator
Popular Quizzes Today
1
Find the 'City' Movie
2
Colored Red Africa Blitz
3
Find the US States - No Outlines Minefield
4
5x2 Blitz: Bands
5
The Countries of the World
6
Find the US States
7
US States
8
9x9 Crossword: Cartoon Network
More Sports Quizzes
The Top 10s of County Cricket [2019]
Quiz Lab
Trending Quizzes
Colored Red Europe Blitz I
Colored Red Africa Blitz II
Colored Red Europe Blitz II
Colored Red Europe Blitz III
Colored Red Africa Blitz III
Recently Updated
Famous TV Couples
Peacemaker
Champions League XIs: Real Madrid
pecheneg
Largest US Cities 1790-2010
pecheneg
Rides in Walt Disney World
pecheneg
Most Oscar Losses (Acting)
pecheneg
Beyoncé Albums
pecheneg
Leaping Animals
pecheneg
Reality TV Shows (A-Z)
bhenderson79
Rickey Henderson's Hall of Fame Teammates
pecheneg
Champions League XIs: Arsenal
pecheneg
Trending Topics
Harry Potter
Kpop
Anime
Marvel
NBA
Disney
Crossword
Pokémon
The Office
Country
WWE
Puzzle
NFL
Song
Soccer
Your Account Isn't Verified!
In order to create a playlist on Sporcle, you need to verify the email address you used during registration. Go to your
Sporcle Settings
to finish the process.
Report this User
Report this user for behavior that violates our
Community Guidelines
.
Details:
Send Report
Go to the Sporcle.com Mobile Site →
Comments